|
|
|
|
| LEADER |
00000nam0a2200000 4500 |
| 001 |
28152 |
| 005 |
20231101205834.0 |
| 010 |
|
|
|a 5846400124
|
| 035 |
|
|
|a (RuTPU)RU\TPU\book\28408
|
| 035 |
|
|
|a BOOK00028483
|
| 090 |
|
|
|a 28152
|
| 100 |
|
|
|a 20011209d1993 km y0rusy50 ca
|
| 101 |
0 |
|
|a rus
|
| 102 |
|
|
|a RU
|
| 105 |
|
|
|a a g 000zy
|
| 200 |
1 |
|
|a Микросхемы интегральные
|e справочник
|f Рос. НИИ "Электронстандарт"
|
| 210 |
|
|
|a СПб.
|c Электронстандарт
|d 1993
|
| 215 |
|
|
|a 232 с.
|
| 517 |
1 |
|
|a Микросхемы серии К521 ... КФ548
|
| 610 |
1 |
|
|a электроника
|
| 610 |
1 |
|
|a интегральные микросхемы
|
| 610 |
1 |
|
|a схемы
|
| 610 |
1 |
|
|a габариты
|
| 610 |
1 |
|
|a надежность
|
| 610 |
1 |
|
|a применение
|
| 610 |
1 |
|
|a справочники
|
| 610 |
1 |
|
|a чертежи
|
| 675 |
|
|
|a 621.382.049.77(03)
|v 3
|
| 712 |
0 |
2 |
|a Электронстандарт
|c Российский научно-исследовательский институт
|c (Санкт-Петербург/Ленинград)
|2 stltpush
|3 (RuTPU)RU\TPU\col\183
|9 23258
|
| 801 |
|
0 |
|a RU
|b 63413507
|c 20011209
|g PSBO
|
| 801 |
|
2 |
|a RU
|b 63413507
|c 20130416
|g RCR
|
| 942 |
|
|
|c BK
|